• 首页
  • 本馆介绍
  • 公告通知
  • 最新文献
  • 馆藏检索
  • 电子资源
  • 读者导购
  • 参考咨询
  • 我的图书馆
  • 登录
  • 详细信息显示
  • 放入我的书架
  • 预约/预借图书
  • 作者相关作品
  • 分类相关作品
  • 丛书相关作品
  • 出版社相关作品

书目信息

  • 表格格式
  • 工作单格式
  • 卡片格式
题名:
谭嗣同
    
 
作者: 王克骏 编写
分册: 上册  
出版信息: 北京   中华书局  1962
页数: 288页
开本: 19cm
丛书名: 中国历史小丛书
单 册:
中图分类: B254.5 , I211
科图分类:
主题词: 文学--作品集--中国
电子资源:
ISBN:
000 00749oam2 2200277 450
001 1568757652
005 20150121190715.57
010    @dCNY2.10
091    @a11018.323@d¥0.10
100    @a19960325d1962 em y0chiy0110 ea
101 0  @achi
102    @aCN@b110000
105    @aa z 000yb
200 1  @a谭嗣同@9tan si tong@h上册@f王克骏编写
210    @a北京@c中华书局@d1962
215    @a288页@c图@d19cm
225 2  @a中国历史小丛书
461  0 @12001 @a中国历史小丛书
600  0 @a谭嗣同@f(1865~1898)@x传记
600  0 @2CT@3S072865@a谭嗣同@f(1865~1898)
606 0  @a文学@x作品集@x中国
690    @aB254.5@v5
690    @aI211@v4
701  0 @a王克骏@9wang ke jun@4编写
801  0 @aCN@bTSSF@c20150121
905    @aZUCC@dI211@eJY21:1
    
    谭嗣同.上册/王克骏编写.-北京:中华书局,1962
    288页:图;19cm.-(中国历史小丛书)
    
    
    ISBN :CNY2.10
    
●
相关链接 在E读中查询图书 在五车中查询图书 在当当中查询图书 在豆瓣中查询图书


正题名:谭嗣同     索取号:I211/JY21:1         预约/预借

序号 登录号 条形码 馆藏地/架位号 状态 备注
1 7856555   278565553   学院路分馆/ [索取号:I211/JY21:1] 在馆    
唐山师范学院图书馆 欢迎您!
大连网信软件有限公司© 版权所有